000 00598nam a22002177a 4500
003 UA-OsUOA
001 52401
007 ta
008 20080213b un ||||| |||| 00| 0 ukr d
100 _aГальченко С.
090 _a82
_bГ-21
942 _cSA
040 _aUA-OsUOA
_bukr
_cUA-OsUOA
_dUA-OsUOA
245 _aТарас Шевченко та Михайло Грушевський на Старому Арбаті
300 _aС.6
955 _a0
041 _aukr
080 _a82
773 0 _w52400
650 7 _a82 Література. Літературознавство
_2UDC
999 _c338492
_d338492